[Event "II Oliver Gonzalez Memorial"]
[Site "Madrid ESP"]
[Date "2011.10.08"]
[Round "1.44"]
[White "Lopez de Turiso,J"]
[Black "Rottenwoerer,Christoph"]
[Result "1-0"]
[WhiteElo "2084"]
[BlackElo "1588"]

1.c4 Nf6 2.Nc3 g6 3.d4 Bg7 4.e4 d6 5.Nf3 O-O 6.Be2 e5 7.d5 Nbd7 8.Bg5 h6
9.Bh4 a6 10.b4 Qe8 11.Nd2 Nh7 12.Nb3 b6 13.O-O Kh8 14.Rc1 Nhf6 15.g4 g5 16.Bg3 Ng8
17.h4 f6 18.h5 Rf7 19.f3 Bf8 20.Bf2 Qd8 21.c5 dxc5 22.bxc5 Nb8 23.a4 Bd7
24.Bc4 b5 25.axb5 axb5 26.Nxb5 Bxb5 27.Bxb5 c6 28.Bc4 Rfa7 29.Qd3 Qd7 30.Ra1 Rxa1
31.Rxa1 Rxa1+ 32.Nxa1 Qa7 33.Nb3 Qa3 34.Kg2 Qa4 35.d6 Nd7 36.Be6 Qa7 37.Qc4 Ne7
38.Bxd7 Qxd7 39.Qf7  1-0

[Event "Oslo GM Open"]
[Site "Oslo NOR"]
[Date "2011.10.08"]
[Round "8.10"]
[White "Mikhalevski,V"]
[Black "Aguera Naredo,J"]
[Result "1-0"]
[WhiteElo "2542"]
[BlackElo "2345"]

1.d4 Nf6 2.c4 g6 3.Nc3 Bg7 4.e4 d6 5.Be2 O-O 6.Nf3 Na6 7.O-O e5 8.Re1 Qe8
9.Bf1 Bg4 10.d5 Nb4 11.Be3 Bxf3 12.gxf3 Qe7 13.c5 dxc5 14.a3 Na6 15.Bxa6 bxa6
16.Na4 Nh5 17.Nxc5 a5 18.Rc1 Rab8 19.Rc2 Rfd8 20.Nd3 Nf4 21.Nxf4 exf4 22.Bxf4 Be5
23.Qc1 Rb3 24.Bxe5 Qxe5 25.Re3 Rdb8 26.Rxb3 Rxb3 27.Kg2 g5 28.Rxc7 g4 29.Rc3 Rb6
30.fxg4 Qxe4+ 31.f3 Qxd5 32.Rc8+ Kg7 33.Qc3+ Kh6 34.Rg8 Rg6 35.Qe3+  1-0

[Event "Oslo GM Open"]
[Site "Oslo NOR"]
[Date "2011.10.08"]
[Round "8.1"]
[White "Elsness,F"]
[Black "Sadler,M"]
[Result "0-1"]
[WhiteElo "2491"]
[BlackElo "2625"]

1.d4 Nf6 2.c4 g6 3.Nc3 Bg7 4.e4 d6 5.Nf3 O-O 6.Be2 Na6 7.O-O e5 8.Be3 Ng4
9.Bg5 Qe8 10.Re1 exd4 11.Nd5 f6 12.Bf4 d3 13.Qxd3 Ne5 14.Qc2 f5 15.c5 c6
16.Bxe5 dxe5 17.Ne3 Nc7 18.Nc4 fxe4 19.Ng5 Qe7 20.Nxe4 Ne6 21.Ncd6 Nd4 22.Bc4+ Be6
23.Qd3 b5 24.Bxe6+ Qxe6 25.a4 a6 26.Nc3 Nb3 27.Rad1 Nxc5 28.Qe3 Nxa4 29.Nxa4 bxa4
30.Ne4 Rab8 31.Qa7 Rxb2 32.Rd7 Rf7 33.Rd8+ Rf8 34.Rd7 Rf7 35.Rd8+ Bf8 36.Qxa6 Qe7
37.Rd6 Rfxf2 38.Nxf2 Qxd6 39.Qxa4 Qc5 40.Rf1 Rxf2  0-1

[Event "TCh-MNE 1st League"]
[Site "Tivat MNE"]
[Date "2011.10.08"]
[Round "2.5"]
[White "Bogosavljevic,B"]
[Black "Todorovic,J"]
[Result "1/2-1/2"]
[WhiteElo "2541"]
[BlackElo "2420"]

1.d4 Nf6 2.c4 g6 3.Nc3 Bg7 4.e4 d6 5.Nf3 O-O 6.Be2 e5 7.O-O Nbd7 8.Qc2 Nh5
9.Rd1 Nf4 10.Bf1 c5 11.d5 Nf6 12.Bxf4 exf4 13.e5 dxe5 14.Nxe5 Qd6 15.Nf3 Bf5
16.Bd3 Bg4 17.Be4 Nd7 18.Nb5 Qb6 19.d6 a6 20.Nc7 Rad8 21.Nd5 Qxd6 22.Ne3 Qb6
23.Nxg4 h5 24.Nh6+ Bxh6 25.Qb3 Qxb3 26.axb3 Nf6 27.Rxd8 Rxd8 28.Bxb7 Rb8
29.Rxa6 Rxb7  1/2-1/2

[Event "49th ch-IND NatA"]
[Site "Aurangabad IND"]
[Date "2011.10.09"]
[Round "1"]
[White "Ravi,TeS"]
[Black "Thipsay,P"]
[Result "1/2-1/2"]
[WhiteElo "2300"]
[BlackElo "2433"]

1.d4 Nf6 2.c4 g6 3.Nc3 Bg7 4.e4 d6 5.Be2 O-O 6.Nf3 e5 7.dxe5 dxe5 8.Qxd8 Rxd8
9.Bg5 Re8 10.O-O-O Na6 11.Ne1 Nc5 12.f3 c6 13.Nc2 a5 14.b3 Nfd7 15.Be3 Bf8
16.Rd2 Ne6 17.Na4 Nec5 18.Nc3 Ne6 19.Na4 Nec5 20.Nc3 Ne6 21.Na4 Nec5 22.Nc3 Ne6
23.Na4 Nec5 24.Nc3 Ne6 25.Na4 Nec5  1/2-1/2

[Event "ch-UKR w 2011"]
[Site "Poltava UKR"]
[Date "2011.10.09"]
[Round "3.4"]
[White "Huda,Mary"]
[Black "Bezkorovaina,M"]
[Result "1-0"]
[WhiteElo "2196"]
[BlackElo "2023"]

1.d4 Nf6 2.c4 g6 3.Nc3 Bg7 4.e4 d6 5.Be2 O-O 6.Nf3 e5 7.Be3 Nc6 8.d5 Ne7
9.Nd2 Nd7 10.O-O f5 11.f3 a5 12.a3 f4 13.Bf2 g5 14.b4 Nf6 15.bxa5 Rxa5 16.c5 dxc5
17.Nc4 Ra8 18.Bxc5 b6 19.Bb4 Ba6 20.d6 cxd6 21.Nxd6 Nc6 22.Bxa6 Rxa6 23.Qb3+ Kh8
24.Nf7+ Rxf7 25.Qxf7 Ra7 26.Qc4 Nd4 27.Nb5 Rd7 28.Rac1 g4 29.Nxd4 exd4 30.Qa6 Qe8
31.Rc8 Rd8 32.Rfc1 Ng8 33.Rxd8 Qxd8 34.Rc8 Qg5 35.Rxg8+ Kxg8 36.Qc4+  1-0

[Event "20th TCh-CRO 1b"]
[Site "Sibenik CRO"]
[Date "2011.10.09"]
[Round "6.2"]
[White "Ragger,M"]
[Black "Spasov,V"]
[Result "1-0"]
[WhiteElo "2655"]
[BlackElo "2590"]

1.d4 Nf6 2.c4 g6 3.Nc3 Bg7 4.e4 d6 5.Nf3 O-O 6.Be2 e5 7.O-O Nbd7 8.Be3 Re8
9.d5 Nh5 10.g3 Bf8 11.Ne1 Ng7 12.Nd3 Be7 13.Qd2 f5 14.f3 Nf6 15.Bh6 fxe4
16.fxe4 Bh3 17.Rxf6 Bxf6 18.g4 Bh4 19.Qe3 Bxg4 20.Bxg4 Rf8 21.Ne2 Kh8 22.Ng3 Qe7
23.Ne1 Rf7 24.Nf3 Raf8 25.Ng5 Rf4 26.Bxg7+ Qxg7 27.Ne6 Qf6 28.Nxf8 Qxf8 29.Qe2 Bg5
30.Rf1 h5 31.Be6 Bf6 32.Qg2 Qh6 33.b3 a5 34.Ne2 Rxf1+ 35.Qxf1 Kg7 36.Qf3 Qd2
37.a4 b6 38.Ng3 Qg5 39.Kh1 Qc1+ 40.Nf1 Qb1 41.Kg2 Qb2+ 42.Kg1 Qc1 43.Qe3 Qc2
44.Bd7 Qd1 45.Qg3 Qd4+ 46.Qe3 Qd1 47.Kg2 Qc2+ 48.Nd2 Qc1 49.Be8 Bh4 50.Nf1 Qc2+
51.Nd2 Qc1 52.Kh3 Bf6 53.Qe2 Qg1 54.Qg2 Qe3+ 55.Qg3 Qh6 56.Nf1 Bg5 57.Kg2 Bf4
58.Qh4 Bg5 59.Qh3 Be7 60.Qg3 Bg5 61.h4 Bc1 62.Qf3 Bf4 63.Qh3 g5 64.Qd7+ Kh8
65.Qf7 gxh4 66.Kh3  1-0

[Event "20th TCh-CRO w"]
[Site "Sibenik CRO"]
[Date "2011.10.09"]
[Round "7.4"]
[White "Videkovic,M"]
[Black "Ivekovic,I"]
[Result "0-1"]
[WhiteElo "1907"]
[BlackElo "1912"]

1.d4 Nf6 2.c4 g6 3.Nc3 Bg7 4.e4 d6 5.Nf3 O-O 6.Be2 e5 7.dxe5 dxe5 8.Bg5 Nbd7
9.h3 c6 10.O-O Nc5 11.Qc2 Qc7 12.Rfd1 Ne6 13.Be3 Nh5 14.g3 b6 15.Rac1 Bd7
16.Kh2 Nf6 17.Ng5 Nd4 18.Qd2 Rad8 19.Qe1 Qc8 20.Nf3 Nxf3+ 21.Bxf3 Bxh3 22.Rxd8 Rxd8
23.Rd1 Ng4+ 24.Bxg4 Bxg4 25.Rxd8+ Qxd8 26.Qd2 Qe7 27.Kg2 h5 28.f3 Be6 29.b3 Bf6
30.a4 Qb4 31.Qc2 Be7 32.Na2 Qe1 33.Bf2 Bh3+ 34.Kh2 Qf1 35.Bg1 Be6 36.Qg2 Qb1
37.a5 Qxb3 38.axb6 axb6 39.Nc1 Qxc4 40.Qb2 Qf1  0-1

[Event "World Amateur Chess Championship"]
[Site "Antalya TUR"]
[Date "2011.10.10"]
[Round "9"]
[White "Vivek,M"]
[Black "Oney,Gulumser"]
[Result "1-0"]
[WhiteElo "1882"]
[BlackElo "1748"]

1.d4 Nf6 2.c4 g6 3.Nc3 Bg7 4.e4 d6 5.Nf3 O-O 6.Be2 Nbd7 7.O-O e5 8.dxe5 dxe5
9.Qc2 c6 10.Rd1 Qc7 11.b4 Re8 12.a3 Nf8 13.Bb2 Bg4 14.Nd2 Bxe2 15.Nxe2 N6d7
16.c5 Ne6 17.Nc4 b6 18.cxb6 Nxb6 19.Na5 c5 20.Rac1 Rac8 21.b5 Bh6 22.Rb1 Bg7
23.Bc3 Nd4 24.Qa2 Na4 25.Be1 Rb8 26.Qc4 Nb6 27.Qa2 Na4 28.Qc4 Nb6 29.Qd3 Na4
30.Rdc1 Qd6 31.Nc4 Qd7 32.Qd1 Nxe2+ 33.Qxe2 Rxb5 34.Rd1 Qb7 35.Nd6 Rxb1 36.Nxb7 Rxb7
37.Qa6 Nb2 38.Qxb7 Nxd1 39.Qd7  1-0

[Event "20th TCh-CRO 1b"]
[Site "Sibenik CRO"]
[Date "2011.10.10"]
[Round "7.1"]
[White "Franic,M"]
[Black "Plenkovic,Z"]
[Result "0-1"]
[WhiteElo "2379"]
[BlackElo "2382"]

1.d4 Nf6 2.c4 g6 3.Nc3 Bg7 4.e4 d6 5.Be2 O-O 6.Nf3 e5 7.d5 a5 8.Bg5 h6 9.Bh4 Na6
10.Nd2 h5 11.O-O Qe8 12.f3 Nh7 13.a3 Bd7 14.b3 Bh6 15.Rb1 Be3+ 16.Bf2 Bxf2+
17.Rxf2 Nc5 18.Qc2 f5 19.b4 axb4 20.axb4 Na4 21.Nb5 Bxb5 22.cxb5 Qe7 23.Rc1 Rf7
24.Bd3 f4 25.Ra1 Nb6 26.Rxa8+ Nxa8 27.Qa2 Qd8 28.Qa7 Nb6 29.Nb3 g5 30.Qxb7 g4
31.fxg4 hxg4 32.Qc6 Qh4 33.g3 fxg3 34.Rxf7 Qxh2+ 35.Kf1 g2+ 36.Ke1  0-1

[Event "Lichtenrader Autumn"]
[Site "Berlin GER"]
[Date "2011.10.11"]
[Round "4.11"]
[White "Heuer,T"]
[Black "Boetzer,D"]
[Result "1/2-1/2"]
[WhiteElo "2129"]
[BlackElo "2286"]

1.d4 Nf6 2.Nf3 g6 3.c4 Bg7 4.Nc3 O-O 5.e4 d6 6.Be2 e5 7.dxe5 dxe5 8.Qxd8 Rxd8
9.Bg5 Nbd7 10.O-O-O Rf8 11.Nd5 c6 12.Ne7+ Kh8 13.Nxc8 Raxc8 14.Nd2 a5 15.Be3 Rfe8
16.g4 Ra8 17.g5 Ng8 18.Bg4 Nf8 19.c5 h5 20.Bh3 f6 21.Nc4 fxg5 22.Bxg5 Bh6
23.Bxh6 Nxh6 24.Rhg1 Kh7 25.Nb6 Rab8 26.Nd7 Rbd8 27.Nf6+ Kg7 28.Nxe8+ Rxe8
29.Rd6 Nf7 30.Rd3 Kf6 31.Rgd1 Ng5 32.Bg2 Nge6 33.Rd6 Ke7 34.f3  1/2-1/2

[Event "US Chess League 2011"]
[Site "ICC INT"]
[Date "2011.10.11"]
[Round "7"]
[White "Martirosov,V"]
[Black "Bonin,J"]
[Result "0-1"]
[WhiteElo "2247"]
[BlackElo "2325"]

1.d4 Nf6 2.Nf3 d6 3.c4 g6 4.Nc3 Bg7 5.e4 O-O 6.Be2 e5 7.O-O exd4 8.Nxd4 Re8
9.f3 Nc6 10.Be3 Nh5 11.Qd2 Nxd4 12.Bxd4 Nf4 13.Rfd1 Bxd4+ 14.Qxd4 Nxe2+ 15.Nxe2 b6
16.Nc3 Bb7 17.Rac1 Qg5 18.Nd5 Bxd5 19.cxd5 Re7 20.Rc4 f5 21.Qd2 Qxd2 22.Rxd2 fxe4
23.fxe4 Rf8 24.Rdc2 Rff7 25.b4 b5 26.Rd4 Rf4 27.a3 Kg7 28.a4 bxa4 29.b5 Rfxe4
30.Rxe4 Rxe4 31.Rxc7+ Kf6 32.Rxh7 a6 33.b6 a3  0-1

[Event "Lichtenrader Autumn"]
[Site "Berlin GER"]
[Date "2011.10.12"]
[Round "5.10"]
[White "Bubolz,K"]
[Black "Priebe,J"]
[Result "0-1"]
[WhiteElo "2127"]
[BlackElo "2265"]

1.d4 Nf6 2.c4 g6 3.Nc3 Bg7 4.e4 d6 5.Nf3 O-O 6.Be2 e5 7.O-O Na6 8.Be3 c6
9.d5 Ng4 10.Bg5 f6 11.Bh4 c5 12.Ne1 h5 13.h3 Nh6 14.Bg3 f5 15.f4 h4 16.Bh2 exf4
17.Bxf4 g5 18.Bh2 f4 19.Qd2 Qe7 20.Bf3 Bd7 21.Nd3 Nf7 22.Rfe1 Ne5 23.Nxe5 Bxe5
24.Nd1 Rab8 25.Rb1 b5 26.cxb5 Bxb5 27.Be2 Nc7 28.Kh1 Ne8 29.Bxb5 Rxb5 30.Qe2 Rb7
31.Nf2 Nf6 32.b3 Re8 33.Ng4 Bc3 34.Nxf6+ Qxf6 35.Rf1 Rbe7 36.Qa6 Rxe4 37.Qxa7 Qf5
38.Bg1 Re2 39.Qa6 f3 40.Rxf3 Qxb1 41.Qxd6 Re1  0-1

[Event "Lichtenrader Autumn"]
[Site "Berlin GER"]
[Date "2011.10.12"]
[Round "5.16"]
[White "Stahr,R"]
[Black "Niehaus,F"]
[Result "0-1"]
[WhiteElo "2101"]
[BlackElo "2182"]

1.c4 Nf6 2.Nc3 g6 3.e4 d6 4.d4 Bg7 5.Be2 O-O 6.Nf3 e5 7.O-O Na6 8.dxe5 dxe5
9.Bg5 Qe8 10.Qd2 Bg4 11.Rad1 Nc5 12.Qe3 Ne6 13.Bh4 Bxf3 14.Bxf3 Nd4 15.Nd5 Nxd5
16.cxd5 Qd7 17.Rc1 Rfc8 18.h3 c6 19.dxc6 Rxc6 20.Bg4 f5 21.exf5 gxf5 22.Bf3 Rg6
23.Bh5 Rh6 24.g4 f4 25.Qd3 Kh8 26.f3 Rxh5 27.gxh5 Qxh3 28.Be7 Rg8 29.Kf2 Qg3+  0-1

[Event "20th TCh-CRO 1a"]
[Site "Sibenik CRO"]
[Date "2011.10.12"]
[Round "9.4"]
[White "Martic,Z"]
[Black "Kozul,Z"]
[Result "0-1"]
[WhiteElo "2364"]
[BlackElo "2541"]

1.d4 Nf6 2.c4 g6 3.Nc3 Bg7 4.e4 d6 5.Nf3 O-O 6.Be2 e5 7.O-O Nbd7 8.Qc2 c6
9.d5 c5 10.Ne1 Ne8 11.Nd3 Nb6 12.a4 a5 13.Nb5 Nd7 14.Bd2 f5 15.exf5 gxf5
16.f3 Ndf6 17.Nf2 Nh5 18.f4 Nxf4 19.Bxf4 exf4 20.Nd3 Qf6 21.Bh5 Bd7 22.Rxf4 Qh6
23.Bxe8 Raxe8 24.Raf1 Re3 25.R4f3 Rfe8 26.Nc7 R8e4 27.h3 Rd4 28.Ne1 Rde4
29.Nd3 Re2 30.Qb3 Qg5 31.Nf2 R4e3 32.Rxe3 Rxe3 33.Qxb7 Bd4 34.Ne6 Bxe6 35.dxe6 Rxe6
36.Qd5 Kf7 37.Kh1 Qf4 38.Re1 Be5 39.Kg1 Qd4 40.Qf3 Bh2+ 41.Kxh2 Rxe1 42.Qxf5+ Qf6
43.Qxh7+ Kf8 44.Nd3 Re3 45.b3 Qg7 46.Qf5+ Ke7 47.g4 Qf6 48.Qh7+ Kf8 49.Kg2 Qf3+  0-1

[Event "TCh-MNE 1st League"]
[Site "Tivat MNE"]
[Date "2011.10.12"]
[Round "5.4"]
[White "Arsovic,Z"]
[Black "Geler,A"]
[Result "1-0"]
[WhiteElo "2444"]
[BlackElo "2249"]

1.Nf3 Nf6 2.c4 g6 3.Nc3 Bg7 4.e4 d6 5.d4 O-O 6.Be2 e5 7.Be3 exd4 8.Nxd4 Nc6
9.O-O Re8 10.f3 Nh5 11.Qd2 Nf4 12.Rfd1 Bxd4 13.Bxd4 Qg5 14.Bf1 Nxd4 15.Qxd4 Ne6
16.Qf2 Qe5 17.Nd5 g5 18.Rac1 c6 19.Ne3 Ng7 20.Qd2 Be6 21.b4 Rad8 22.Qd4 a5
23.a3 axb4 24.axb4 Bc8 25.Qd2 Qf4 26.Bd3 h5 27.Bb1 h4 28.Rc3 Nh5 29.Nf1 Be6
30.Ba2 Kf8 31.Rd3 Ke7  1-0

[Event "Lichtenrader Autumn"]
[Site "Berlin GER"]
[Date "2011.10.13"]
[Round "6.9"]
[White "Witte,R"]
[Black "Boetzer,D"]
[Result "0-1"]
[WhiteElo "2057"]
[BlackElo "2286"]

1.Nf3 Nf6 2.d4 g6 3.c4 Bg7 4.Nc3 O-O 5.e4 d6 6.Be2 e5 7.d5 a5 8.O-O Na6 9.Ne1 Nc5
10.f3 b6 11.Be3 Ne8 12.b3 f5 13.a3 Nf6 14.b4 axb4 15.axb4 Rxa1 16.Qxa1 Nb3
17.Qd1 Nd4 18.Bd3 fxe4 19.Nxe4 Nxe4 20.Bxe4 Nf5 21.Bxf5 Bxf5 22.Nd3 Qh4 23.Qb3 e4
24.fxe4 Qxe4 25.Nf2 Qe5 26.c5 bxc5 27.bxc5 Re8 28.Nd1 Be4 29.cxd6 Bxd5 30.Qa4 cxd6
31.Bf2 Qe4 32.Qxe4 Bxe4 33.Ne3 d5 34.Rd1 d4 35.Nc4 Bc2 36.Re1 Rd8 37.Bh4 Rf8
38.Bg5 d3 39.Be3 Bc3 40.Nd2 h5 41.Bg5 Rf5 42.Be3 Kg7 43.g3 g5 44.Kg2 Kg6
45.Kg1 g4 46.Kg2 Bb3 47.Rb1 Bd5+ 48.Kg1 Re5 49.Kf2 Bxd2  0-1

[Event "49th ch-IND NatA"]
[Site "Aurangabad IND"]
[Date "2011.10.14"]
[Round "6"]
[White "Laxman,R"]
[Black "Karthikeyan,P2"]
[Result "0-1"]
[WhiteElo "2451"]
[BlackElo "2408"]

1.Nf3 Nf6 2.c4 g6 3.Nc3 Bg7 4.e4 d6 5.d4 O-O 6.Be2 e5 7.Be3 Ng4 8.Bg5 f6
9.Bh4 Nc6 10.d5 Ne7 11.Nd2 f5 12.Bxg4 fxg4 13.Bg5 c5 14.Nf1 Rf4 15.g3 Rf7
16.Qd2 a6 17.Bh6 Bd7 18.Bxg7 Kxg7 19.Ne3 Ng8 20.O-O-O b5 21.Rdf1 Rf3 22.h3 gxh3
23.Qe2 Rf7 24.Kb1 Nf6 25.Nc2 b4 26.Nd1 b3 27.axb3 Rb8 28.f4 Rxb3 29.f5 Rxg3
30.Qe1 Nh5 31.Nce3 Qg5 32.fxg6 hxg6 33.Rxf7+ Kxf7 34.Rf1+ Nf4 35.Rh1 Qh6  0-1

[Event "49th ch-IND NatA"]
[Site "Aurangabad IND"]
[Date "2011.10.14"]
[Round "6"]
[White "Suvrajit,S"]
[Black "Sharma,Di"]
[Result "1/2-1/2"]
[WhiteElo "2384"]
[BlackElo "2361"]

1.d4 Nf6 2.c4 g6 3.Nc3 Bg7 4.e4 d6 5.Nf3 O-O 6.Be2 Na6 7.O-O e5 8.Be3 Ng4
9.Bg5 Qe8 10.h3 f6 11.Bc1 Nh6 12.dxe5 dxe5 13.Be3 c6 14.c5 Nc7 15.Qc1 Nf7
16.Rd1 Be6 17.b4 f5 18.Ng5 Nxg5 19.Bxg5 f4 20.f3 h6 21.Bh4 g5 22.Bf2 h5 23.Rd6 Rf6
24.a4 g4 25.fxg4 hxg4 26.hxg4 Rg6 27.Qd1 Bf8 28.Rd3 Be7 29.Rh3 Rd8 30.Qf1 Bxg4
31.Bxg4 Rxg4 32.Rd1 Ne6 33.Rxd8 Bxd8 34.Qd1 Rg7 35.Rh6 Bg5 36.Rh2 Be7 37.Qb3 Qf7
38.Ne2 Ng5 39.Qd3 Qg6 40.Nc3 Ne6 41.Kf1 Nf8 42.Ne2 Qe6 43.Nc1 Bg5 44.Nb3 Rd7
45.Qc2 Bf6 46.Nd2 Qg4 47.Nf3 Ng6 48.Qb3+ Kg7 49.Be1 Rd8 50.Bf2  1/2-1/2

[Event "Indonesia Open"]
[Site "Jakarta INA"]
[Date "2011.10.14"]
[Round "2.7"]
[White "Mareco,S"]
[Black "Sitanggang,S"]
[Result "1-0"]
[WhiteElo "2597"]
[BlackElo "2376"]

1.d4 Nf6 2.c4 g6 3.Nc3 Bg7 4.e4 d6 5.Nf3 O-O 6.Be2 e5 7.O-O Na6 8.Re1 exd4
9.Nxd4 Nc5 10.Bf1 Re8 11.f3 a5 12.Ndb5 Ne6 13.Be3 Bf8 14.Qd2 c6 15.Nd4 a4
16.Nc2 Qa5 17.b4 Qc7 18.Rac1 Qe7 19.Bf2 Nh5 20.Ne3 Qg5 21.Kh1 a3 22.g3 Nc7
23.f4 Qh6 24.Ng2 Bh3 25.Bd4 Ne6 26.Be3 Qg7 27.Nh4 Bg4 28.Bg2 Be7 29.Nf3 Bf6
30.Ng1 Nc7 31.Nge2 Qf8 32.Bf2 Be6 33.Nd1 Bg7 34.Nd4 Nf6 35.h3 Bc8 36.Nb3 Bh8
37.g4 h6 38.Bg3 Nd7 39.Qd3 Na6 40.Qd2 Nc7 41.Nf2 Ra4 42.Nd3 Bg7 43.Bf2 Qe7
44.Qc2 Ra8 45.c5 Nb5 46.cxd6 Nxd6 47.e5  1-0

[Event "Indonesia Open"]
[Site "Jakarta INA"]
[Date "2011.10.14"]
[Round "3.9"]
[White "Grigoryan,K2"]
[Black "Zhao Jun"]
[Result "1-0"]
[WhiteElo "2473"]
[BlackElo "2587"]

1.d4 Nf6 2.c4 g6 3.Nc3 Bg7 4.e4 d6 5.Nf3 O-O 6.Be2 e5 7.O-O Na6 8.Be3 Ng4
9.Bg5 Qe8 10.dxe5 dxe5 11.c5 f6 12.Bxa6 bxa6 13.Bd2 c6 14.h3 Nh6 15.Rc1 Nf7
16.Qa4 Rb8 17.Rcd1 Rxb2 18.Bc1 Rb7 19.Nd2 Rc7 20.Nc4 Qe6 21.Nd6 f5 22.f4 Nxd6
23.cxd6 Rcf7 24.exf5 Qxf5 25.Qxc6 exf4 26.Nd5 Bb7 27.Qc4 Kh8 28.Nxf4 g5 29.Nd3 h5
30.Qg4 Qd5 31.Be3 Bc8 32.Qg3 Qxa2 33.Ne5 Bxe5 34.Qxe5+ Kh7 35.Rd2 Qe6 36.Qxe6 Bxe6
37.Bxg5 Bd7 38.Be7 Rc8 39.Rb1 Rg8 40.Kh2 Kg7 41.Rc1 Bf5 42.Rc7 Kg6 43.Rxa7 Be4
44.d7 Rxe7 45.Rxa6+  1-0

[Event "Chigorin Memorial Open"]
[Site "St Petersburg RUS"]
[Date "2011.10.14"]
[Round "1.57"]
[White "Kuzmin,E"]
[Black "Krylov,M RUS"]
[Result "0-1"]
[WhiteElo "2117"]
[BlackElo "2471"]

1.d4 Nf6 2.c4 g6 3.Nc3 Bg7 4.e4 d6 5.Nf3 O-O 6.Be2 e5 7.Be3 exd4 8.Nxd4 Re8
9.f3 c6 10.O-O d5 11.cxd5 cxd5 12.Bg5 Qb6 13.Na4 Qa5 14.Bd2 Qd8 15.Bb5 Bd7
16.Bxd7 Nbxd7 17.exd5 Nxd5 18.Nc2 Ne5 19.Re1 Nc4 20.Rb1 b5 21.Rxe8+ Qxe8
22.Nc3 Nxb2 23.Rxb2 Nxc3 24.Bxc3 Bxc3 25.Rb3 Rc8 26.g3 a6 27.Qd3 Bf6 28.Ne3 Rd8
29.Qe2 Rd6 30.Kf1 Qd8 31.Rb1 Rd2 32.Rd1 Rxd1+ 33.Qxd1 Qxd1+ 34.Nxd1 Bd4 35.Ke2 f5
36.Kd3 Bg1 37.h3 Kf7 38.Kc3 Bc5 39.Nb2 Ke6 40.Nd3 Bd6 41.g4 Kd5  0-1

[Event "Chigorin Memorial Open"]
[Site "St Petersburg RUS"]
[Date "2011.10.14"]
[Round "1.95"]
[White "Safronov,Kirill"]
[Black "Zozulia,A"]
[Result "0-1"]
[WhiteElo "1932"]
[BlackElo "2377"]

1.d4 Nf6 2.c4 d6 3.Nc3 Nbd7 4.e4 e5 5.Nf3 g6 6.Be2 Bg7 7.O-O O-O 8.Re1 exd4
9.Nxd4 Re8 10.Bf1 c6 11.Nb3 Qc7 12.Bf4 Ne5 13.f3 Be6 14.Kh1 Rad8 15.Bxe5 dxe5
16.Qc2 Bf8 17.Qf2 b6 18.Rac1 Qb7 19.Rcd1 Nd7 20.Qg3 Qb8 21.Nd5 cxd5 22.cxd5 Bb4
23.Bb5 Bxe1 24.Qxe1 a6 25.Bxa6 Nf8 26.dxe6 Nxe6 27.g3 Rxd1 28.Qxd1 Rd8 29.Qe2 Qd6
30.Bc4 Qd1+ 31.Kg2 Qxe2+ 32.Bxe2 Nd4 33.Nxd4 Rxd4 34.Kf2 Rd2 35.b4 Rxa2 36.b5 Kf8
37.h3 Ke7 38.Ke3 Kd6 39.Bd3 Kc5 40.f4 f6 41.h4 exf4+ 42.gxf4 Rh2 43.e5 fxe5
44.fxe5 Rxh4  0-1

[Event "II Oliver Gonzalez Memorial"]
[Site "Madrid ESP"]
[Date "2011.10.15"]
[Round "8.19"]
[White "Ortega Ruiz,J"]
[Black "Madurga Lopez,I"]
[Result "1/2-1/2"]
[WhiteElo "2266"]
[BlackElo "2057"]

1.Nf3 Nf6 2.d4 g6 3.c4 Bg7 4.Nc3 O-O 5.e4 d6 6.Be2 e5 7.dxe5 dxe5 8.Qxd8 Rxd8
9.Bg5 Re8 10.O-O-O c6 11.Nxe5 Nxe4 12.Nxe4 Bxe5 13.Nd6 Bxd6 14.Rxd6 Nd7 15.Rd2 Nc5
16.f3 Ne6 17.Be3 Nf8 18.Bf2 Be6 19.Rhd1 b6 20.g4 h6 21.b3 c5 22.f4 Rac8 23.Bh4 Bd7
24.Bg3 Rxe2 25.Rxe2 Bxg4 26.Re7 Bxd1 27.Kxd1 Rd8+ 28.Kc2 Rd7 29.Rxd7 Nxd7
30.Kd3 f5 31.a3 Nf6 32.b4 Ne4 33.Bh4 g5 34.fxg5 hxg5 35.Be1 Kf7 36.b5 Ke6
37.h4 g4 38.a4 g3 39.Ke2 g2 40.Bf2 f4 41.Bg1 Kf5 42.Kf3 Nd2+ 43.Kxg2 Nxc4
44.Kf3 Ne5+ 45.Kf2 Ke4 46.Bh2 Nf3 47.h5 Ng5 48.h6 Kf5 49.Ke2 Kg4 50.Kf2 Kh5
51.h7 Nxh7 52.Bxf4 Nf6 53.Bb8 Nd7 54.Bxa7 Kg5 55.a5 bxa5 56.b6 Nxb6 57.Bxb6  1/2-1/2

[Event "II Oliver Gonzalez Memorial"]
[Site "Madrid ESP"]
[Date "2011.10.15"]
[Round "8.10"]
[White "Pogorelov,R"]
[Black "Perez Gonzalez,Jo"]
[Result "1-0"]
[WhiteElo "2401"]
[BlackElo "2304"]

1.Nf3 Nf6 2.c4 g6 3.Nc3 Bg7 4.e4 d6 5.d4 O-O 6.Be2 e5 7.Be3 h6 8.dxe5 Ng4
9.Bd2 Nxe5 10.O-O Nbc6 11.Rc1 Be6 12.b3 Nxf3+ 13.Bxf3 Nd4 14.Be3 c5 15.Be2 a6
16.Bd3 Qa5 17.Qd2 Kh7 18.f4 f5 19.Kh1 b5 20.exf5 Nxf5 21.Bg1 bxc4 22.bxc4 d5
23.cxd5 Bxd5 24.Be4 Bxe4 25.Nxe4 Qb4 26.Qc2 Rae8 27.Nxc5 Ne3 28.Bxe3 Rxe3
29.f5 gxf5 30.Nxa6 Qa5 31.Nc5 Rc3 32.Qf2 Ra3 33.Rc2 Rf7 34.Ne6 Qe5 35.Re2 Qb5
36.Nxg7 Kxg7 37.Rfe1 Qd5 38.Rd2 Qc4 39.h3 Kh7 40.Red1 Qe6 41.Rd6 Qe4 42.Kg1 Qa4
43.Qd2 Qa7+ 44.Kh1 Qe3 45.Qd5 Raa7 46.Rf1 Qg5 47.Qd2 Qxd2 48.Rxd2 Ra5 49.Kg1 Rfa7
50.Rff2 Kg6 51.Kf1 Kg5 52.Ke1 Ra3 53.Kd1 R7a4 54.Kc1 f4 55.Kb1 Kh4 56.Rd6 h5
57.Rd5 Kg3 58.Rb2 f3 59.gxf3 h4 60.Rg5+ Kxh3 61.Rgg2 Rxf3 62.Rh2+ Kg4 63.Rb8 Kg3
64.Rh1 h3 65.Rb2 Rh4 66.Rg1+ Kf4 67.Rb4+ Ke3 68.Rxh4 Kf2 69.Rh1  1-0

[Event "Chigorin Memorial Open"]
[Site "St Petersburg RUS"]
[Date "2011.10.15"]
[Round "2.42"]
[White "Gubernatorov,S"]
[Black "Levin,Ev"]
[Result "0-1"]
[WhiteElo "2311"]
[BlackElo "2481"]

1.c4 g6 2.Nc3 Bg7 3.d4 Nf6 4.e4 d6 5.Be2 O-O 6.Be3 e5 7.Nf3 Na6 8.O-O Ng4
9.Bg5 Qe8 10.dxe5 dxe5 11.Ne1 Nf6 12.f3 Nd7 13.Nd3 c6 14.Be3 Qe7 15.a4 Ndc5
16.Nxc5 Nxc5 17.a5 Rd8 18.Qc2 Ne6 19.Rfd1 Nd4 20.Qa4 Be6 21.Bf1 f5 22.exf5 gxf5
23.Re1 Qf7 24.Ne2 c5 25.Nxd4 cxd4 26.Bd2 Rac8 27.Rac1 Rf8 28.c5 e4 29.a6 Bd5
30.axb7 Qxb7 31.Bc4 e3 32.Ba5 f4 33.c6 Qf7 34.Ba6 Qg6 35.Bc4 Qe6 36.c7 Bxc4
37.Rxc4 d3 38.Rxf4 Rxf4 39.Qxf4 d2 40.Bxd2 exd2 41.Qxd2 Qb6+ 42.Kh1 Qxc7
43.h3 Rd8 44.Qg5 h6 45.Qg6 Qf7 46.Qxf7+ Kxf7 47.Rc1 Rd7 48.b3 Rb7 49.f4 Ke6
50.g4 Rxb3 51.Rc7 Bd4 52.Rc6+ Kd5 53.Rxh6 Ke4  0-1

[Event "Chigorin Memorial Open"]
[Site "St Petersburg RUS"]
[Date "2011.10.15"]
[Round "2.20"]
[White "Smirnov,P"]
[Black "Yuffa,D"]
[Result "1-0"]
[WhiteElo "2580"]
[BlackElo "2378"]

1.d4 Nf6 2.c4 g6 3.Nc3 Bg7 4.e4 d6 5.Nf3 O-O 6.Be2 e5 7.Be3 Ng4 8.Bg5 f6
9.Bh4 g5 10.Bg3 Nh6 11.c5 g4 12.Nh4 Nc6 13.cxd6 cxd6 14.dxe5 dxe5 15.Bc4+ Kh8
16.Qxd8 Rxd8 17.O-O Nd4 18.Rad1 Be6 19.Bxe6 Nxe6 20.f3 Nd4 21.Bf2 Rac8 22.Be3 gxf3
23.Nxf3 Ng4 24.Bxd4 exd4 25.Rxd4 Bf8 26.Rxd8 Rxd8 27.h3 Ne3 28.Re1 Nc2 29.Re2 Nd4
30.Nxd4 Rxd4 31.Kf1 Bb4 32.Nd5 Rd1+ 33.Kf2 Bc5+ 34.Kf3 Kg7 35.Kg4 Rf1 36.Kh5 Bd4
37.Rd2 Be5 38.Ne3 Ra1 39.a3 b5 40.Nf5+ Kf8 41.Rd8+ Kf7 42.Rd7+ Kf8 43.Rxa7 Bxb2
44.Rxh7 Rxa3 45.Kg6 Ke8 46.Rb7 Rb3 47.h4  1-0

[Event "Chigorin Memorial Open"]
[Site "St Petersburg RUS"]
[Date "2011.10.15"]
[Round "2.64"]
[White "Ionov,S"]
[Black "Balaian,Ali"]
[Result "1-0"]
[WhiteElo "2540"]
[BlackElo "2188"]

1.Nf3 Nf6 2.c4 g6 3.Nc3 Bg7 4.e4 d6 5.d4 O-O 6.Be2 e5 7.Be3 exd4 8.Nxd4 Re8
9.f3 c6 10.Bf2 d5 11.exd5 cxd5 12.O-O Na6 13.Qd2 dxc4 14.Rad1 Bd7 15.Bxc4 Rc8
16.b3 Nc7 17.Ndb5 Bxb5 18.Nxb5 Qxd2 19.Rxd2 Nxb5 20.Bxb5 Re5 21.Bc4 a6 22.Rfd1 b5
23.Bf1 Ree8 24.Rd6 Ra8 25.a4 Reb8 26.Rc6 bxa4 27.bxa4 Rb4 28.a5 Ra4 29.Be1 Nh5
30.Rxa6 Rxa6 31.Bxa6 Bd4+ 32.Kf1 Be5 33.g3 Bc7 34.Rd5 Ra1 35.Ke2 Ra2+ 36.Bd2 Nf6
37.Rc5 Bd6 38.Rc8+ Kg7 39.Bc4 Rxd2+ 40.Kxd2 Bb4+ 41.Ke2 Bxa5 42.Ra8 Bb6 43.Rb8 Bd4
44.Rb7 h5 45.Rxf7+ Kh6 46.Kd3 Ba1 47.Ra7 Bb2 48.Rb7 Ba3 49.h4 Bc5 50.Rf7 Ne8
51.g4 hxg4 52.fxg4 Nd6 53.Rf1 Bb6 54.Bd5 Bd8 55.Rh1 Bb6 56.Bf3 Bf2 57.Rh3 Kg7
58.Ke2 Bb6 59.Bd5 Bd8 60.g5 Nf5 61.Be4 Nd4+ 62.Ke3 Ne6 63.Rh1 Bc7 64.Kf3 Nc5
65.Rd1 Kf7 66.Bc2 Ne6 67.Bb3  1-0

[Event "TCh-MNE 1st League"]
[Site "Tivat MNE"]
[Date "2011.10.15"]
[Round "8.1"]
[White "Damljanovic,B"]
[Black "Geler,A"]
[Result "0-1"]
[WhiteElo "2607"]
[BlackElo "2249"]

1.d4 Nf6 2.c4 g6 3.Nc3 Bg7 4.e4 O-O 5.Nf3 d6 6.Be2 e5 7.Be3 exd4 8.Nxd4 Nc6
9.Qd2 Re8 10.f3 Nh5 11.Nxc6 bxc6 12.g4 Nf6 13.O-O-O Nd7 14.h4 Qf6 15.h5 a5
16.hxg6 fxg6 17.f4 a4 18.e5 dxe5 19.f5 e4 20.Bh6 a3 21.Bxg7 axb2+  0-1

[Event "TCh-AUT 2 Ost 2011-12"]
[Site "Bruck AUT"]
[Date "2011.10.16"]
[Round "2"]
[White "Fodor,T jr"]
[Black "Alvir,A"]
[Result "0-1"]
[WhiteElo "2476"]
[BlackElo "2354"]

1.c4 g6 2.d4 Bg7 3.Nf3 d6 4.e4 Nf6 5.Nc3 O-O 6.Be2 e5 7.O-O Na6 8.Re1 exd4
9.Nxd4 c6 10.Be3 Re8 11.f3 Nc7 12.Qd2 Ne6 13.Rad1 Nh5 14.Nxe6 Bxe6 15.g4 Nf6
16.Qxd6 Nd7 17.Qg3 Qa5 18.f4 Nb6 19.c5 Na4 20.e5 Nxc3 21.bxc3 Qxa2 22.Bd4 Rad8
23.Bd3 b6 24.Ra1 Qb3 25.Rab1 Qa2 26.cxb6 axb6 27.Rxb6 c5 28.Bxc5 Qa5 29.Bd4 Rxd4
30.Rxe6 fxe6 31.cxd4 Qc3 32.Re4 Rd8 33.Bf1 Qc1 34.Qb3 Qc6 35.Bg2 Qc1+ 36.Kf2 Kh8
37.Qxe6 Rb8 38.Kg3 Qc3+ 39.Bf3 h6 40.Qa6 Rb3 41.Qf1 Bf8 42.d5 g5 43.f5 Bc5
44.d6 Be3 45.Qd1 Rb2 46.d7 Qxe5+  0-1